| 000 | 00479 a2200181 4500 | ||
|---|---|---|---|
| 000 | BKB | ||
| 001 | 071224 | ||
| 005 | 20200902150942.0 | ||
| 008 | |||
| 082 |
_a340.068 _bM98S |
||
| 100 | 1 | _aMuthuswamy | |
| 245 | 1 |
_aSwamy's manual on office procedure _cby Muthuswamy and Brinda |
|
| 250 | _a11th ed. | ||
| 260 |
_aChennai _bSwamy Pub. _c2010 |
||
| 300 | _a399p. | ||
| 690 | _aSwamy; General Reference; | ||
| 700 |
_aBrinda _b _c |
||
| 999 |
_c4572 _d4572 |
||